| 000 | 00663nam a2200205 a 4500 | ||
|---|---|---|---|
| 005 | 20240418063733.0 | ||
| 008 | 020619s2000 mx r 000 0 spa d | ||
| 020 | _a8449308194 | ||
| 035 | _aUPN01000117892 | ||
| 049 | _aCG | ||
| 050 | 4 |
_aB29 _bH6.78 |
|
| 100 | 1 |
_aHorkheimer, Max, _d1895-1973 _928766 |
|
| 245 | 1 | 0 |
_aTeoría tradicional y teoría crítica / _cMax Hirkheimer ; tr. José Luis López y López de Lizaga ; introd. de Jacobo Muñoz. |
| 260 |
_aBarcelona : _bPaidós : _bUAB.ICE, _c2000. |
||
| 300 | _a120 p. | ||
| 440 | 0 |
_aPensamiento contemporáneo ; _v60 |
|
| 650 | 4 |
_aFilosofía _95327 |
|
| 650 | 4 |
_aRazón _xFilosofía _927006 |
|
| 905 | _aLibro | ||
| 999 |
_c90310 _d90310 |
||